000 01095cam a22003015a 4500
001 L155093
002 19067
008 100303s2011 xxk f 001 0 eng d
020 _a9781842197257
035 _a(Sirsi) u155093
041 0 _aeng
050 0 4 _a690.2 $2 18
110 2 _aWatts Group Plc
_95510
245 0 0 _aWatts pocket handbook 2012
250 _a28th ed.
260 _aLondon
_bRICS
_c2012
300 _aviii, 476p.
_c18cm.
350 _a27.95
505 2 _aProperty investment and ownership -- Maintenance management -- Development and procurement -- Legislation -- Design -- Materials and defects -- Sustainability -- Useful resources -- Index -- Watts Group directory
520 _a2012 edition of this annual publication providing legal and technical advice and guidance for those working in property and construction.
520 _aSupersedes 27th edition (ISBN 9781842196373 ).
520 _aSuperseded by 29th edition (ISBN 9781315619583)
521 _aAdvanced
590 _aKA
651 4 _aUnited Kingdom
_y
690 _aBUILT ENVIRONMENT
942 _n0
999 _c113318
_d113318